|
|
|
|
| LEADER |
00000nam0a2200000 4500 |
| 001 |
218502 |
| 005 |
20231101230212.0 |
| 010 |
|
|
|a 5703601346
|
| 020 |
|
|
|a RU
|b 89-83733
|
| 035 |
|
|
|a (RuTPU)RU\TPU\book\238531
|
| 090 |
|
|
|a 218502
|
| 100 |
|
|
|a 20120621d1989 m y0rusy5003 ca
|
| 101 |
0 |
|
|a rus
|
| 102 |
|
|
|a RU
|
| 105 |
|
|
|a a j 001zy
|
| 200 |
1 |
|
|a Импульсные методы деформирования
|e конспект лекций
|
| 210 |
|
|
|a Москва
|c Изд-во МГТУ
|d 1989
|
| 215 |
|
|
|a 42 с.
|c ил.
|
| 320 |
|
|
|a Библиогр.: с. 42.
|
| 606 |
1 |
|
|a Металлообработка давлением импульсная
|x Импульсная
|2 stltpush
|3 (RuTPU)RU\TPU\subj\42512
|9 62177
|
| 610 |
1 |
|
|a металлы
|
| 610 |
1 |
|
|a деформирование
|
| 610 |
1 |
|
|a взрывы
|
| 610 |
1 |
|
|a штамповка взрывом
|
| 610 |
1 |
|
|a штамповка
|
| 610 |
1 |
|
|a электрогидравлическая штамповка
|
| 610 |
1 |
|
|a магнитно-импульсная штамповка
|
| 610 |
1 |
|
|a учебные пособия
|
| 675 |
|
|
|a 621.73.044(075.8)
|v 3
|
| 700 |
|
1 |
|a Калинчев
|b В. А.
|g Владимир Александрович
|
| 702 |
|
1 |
|a Жбанков
|b Ю. П.
|4 340
|
| 801 |
|
0 |
|a RU
|b RuMRKP
|c 19950417
|g psbo
|
| 801 |
|
1 |
|a RU
|b 63413507
|c 20120621
|
| 801 |
|
2 |
|a RU
|b 63413507
|c 20121115
|g RCR
|
| 942 |
|
|
|c BK
|